000 00838nam a2200229 a 4500
001 000017747
005 20240302073956.0
008 100331s1986 cu 000 0 spa d
040 _aDO-SdBNP
_bspa
_cBNPHU
082 _a923.57293
_bG633ma
245 0 0 _aMáximo Gómez /
_cselección de textos Salvador Morales.
260 _aLa Habana :
_bEditorial de Ciencias Sociales,
_c1986.
300 _a249 p. ;
_c24 cm.
490 1 _aEdiciones Políticas
500 _aIncluye referencias bibliográficas notas al pie de las páginas
600 1 0 _aGómez, Máximo,
_d1836-1905
_912249
651 4 _aCuba
_xHistoria
_yGUERRA DE LOS DIEZ AÑOS, 1868-1878
_911018
651 4 _aCuba
_xHistoria
_yGUERRA DE INDEPENDENCIA, 1895-1898
_911019
830 0 _aEdiciones Políticas
_918924
910 _aValidado. Control de calidad BNPHU
049 _aBNPD
999 _c17272
_d17272